| 000 | 00476cam a22001337a 4500 | ||
|---|---|---|---|
| 008 | 180718b2003 xxu||||| |||| 00| 0 eng d | ||
| 082 | _aAPPPA 2002-03 YEC/34 | ||
| 100 | _aYechury, Ragini | ||
| 245 |
_aSexual harassment at work place: scenario after the supreme court judgement in Vishaka's case of 1997 _cby Ragini Yechury |
||
| 260 |
_aNew Delhi _bIndian Institute of Public Administration _c2003 |
||
| 300 | _a125p. | ||
| 650 | _aAPPPA | ||
| 650 | _aSexual harassment - India | ||
| 999 |
_c492709 _d492709 |
||